000 00506nam a2200145 a 4500
008 120416s1976 ||||||||||||||||| || u
050 _aNA 2542.4 Per
100 _aPerin, Constance
245 1 0 _aWith man in mind
246 _aan interdisciplinary prospectus for environmental design
260 _aLondon
_bMIT
_c1976
300 _a185p.
350 _a0.00
995 _D0.00
_FCBU-MAIN LIBRARY (Kitwe)
_H1
_I0.00
_UDAMAGED
_ZMain Library Open Access Collection
999 _c61818
_d61818